L'ecumenisme, actitud espiritual / (Record no. 60917)

MARC details
000 -LEADER
campo de control de longitud fija 00694nam a2200229 i 4500
001 - NÚMERO DE CONTROL
campo de control 60917
003 - IDENTIFICADOR DE NÚMERO DE CONTROL
campo de control ES-MaACL
005 - FECHA Y HORA DE LA ÚLTIMA TRANSACCIÓN
campo de control 20250921063027.0
007 - CAMPO FIJO DE DESCRIPCIÓN FÍSICA--INFORMACIÓN GENERAL
campo de control de longitud fija t|
008 - DATOS DE LONGITUD FIJA--INFORMACIÓN GENERAL
campo de control de longitud fija 031107s1964 sp ||||1| cat d
100 1# - ENTRADA PRINCIPAL--NOMBRE DE PERSONA
Nombre de persona Estruch, Joan,
Fechas asociadas al nombre 1943-
9 (RLIN) 48256
245 12 - MENCIÓN DEL TÍTULO
Título L'ecumenisme, actitud espiritual /
Mención de responsabilidad, etc. Juan Estruch ; presentació de Mossen Josep Cardús.
250 ## - MENCION DE EDICION
Mención de edición [1ª ed.].
260 ## - PUBLICACIÓN, DISTRIBUCIÓN, ETC.
Lugar de publicación, distribución, etc. Hospitalet :
Nombre del editor, distribuidor, etc. Nova Terra,
Fecha de publicación, distribución, etc. [1964]
300 ## - DESCRIPCIÓN FÍSICA
Extensión 125 p. ;
Dimensiones 20 cm.
490 1# - MENCIÓN DE SERIE
Mención de serie L'Home Nou ;
Designación de volumen o secuencia 4
650 04 - PUNTO DE ACCESO ADICIONAL DE MATERIA--TÉRMINO DE MATERIA
Término de materia o nombre geográfico como elemento de entrada Ecumenismo.
9 (RLIN) 12045
700 1# - ENTRADA AGREGADA--NOMBRE PERSONAL
Nombre de persona Cardús, Mossen Josep.
9 (RLIN) 35216
830 0# - PUNTO DE ACCESO ADICIONAL DE SERIE-TÍTULO UNIFORME
Título uniforme L'Home Nou ;
Designación de volumen o secuencia 4
9 (RLIN) 181581
852 ## - LOCALIZACIÓN
Ubicación ES-MaACL
Número de control de estantería C-26863
Sublocalización o colección R.55789
Holdings
Estatus retirado Estado de pérdida Estado de daño No para préstamo Biblioteca de origen Biblioteca actual Ubicación en estantería Fecha de adquisición Fuente de adquisición Total de préstamos Signatura topográfica completa Código de barras Visto por última vez Precio de reemplazo Tipo de ítem Koha
        Biblioteca del Ateneo de Madrid Biblioteca del Ateneo de Madrid Depósito 2 17/01/2008     C-26863 1063881 23/02/2023 23/02/2023 Libro impreso